[Event "Reunion op 12th"]
[Site "St Denis"]
[Date "2010.10.14"]
[Round "7"]
[White "Nassau, Pierre Alexandre"]
[Black "Grondin, Sebastien"]
[Result "0-1"]
[WhiteElo "1616"]
[BlackElo "1499"]
[PlyCount "126"]
[EventDate "2010.10.09"]
[EventType "swiss"]
[EventRounds "9"]
[EventCountry "RUF"]
[SourceTitle "CBM 138 Extra"]
[Source "ChessBase"]
[SourceDate "2010.10.29"]
[SourceVersion "1"]
[SourceVersionDate "2010.10.29"]
[SourceQuality "1"]

1. e4 d5 2. e5 Nc6 3. d4 Bf5 4. Bb5 Qd7 5. Nf3 a6 6. Bxc6 Qxc6 7. Nc3 e6 8. 0-0 Bg4 9. a3 Be7 10. Be3 f5 11. h3 Bh5 12. Kh2 g5 13. g3 Nh6 14. Rg1 Nf7 15. g4 fxg4 16. hxg4 Bg6 17. Kg3 h5 18. Rh1 0-0-0 19. Qd2 hxg4 20. Kxg4 Bf5+ 21. Kg3 g4 22. Ng5 Nxg5 23. Bxg5 Bxg5 24. Qxg5 Rdg8 25. Qd2 Rh3+ 26. Rxh3 gxh3+ 27. Kh2 Rg2+ 28. Kh1 Be4 29. Nxe4 dxe4 30. Qh6 Rxf2 31. Qh8+ Kd7 32. Qh7+ Ke8 33. Qh5+ Rf7 34. Qh8+ Kd7 35. Qxh3 e3+ 36. Qg2 Qxg2+ 37. Kxg2 Rf2+ 38. Kg3 Rxc2 39. Kf3 e2 40. b4 Rd2 41. Re1 Rxd4 42. Kxe2 Re4+ 43. Kd2 Rxe1 44. Kxe1 Kc6 45. Kd2 Kd5 46. Kd3 c6 47. a4 b5 48. Kc3 Kxe5 49. axb5 axb5 50. Kd3 Kd5 51. Kc3 e5 52. Kd3 e4+ 53. Ke3 Ke5 54. Ke2 Kd4 55. Kd2 e3+ 56. Ke2 Ke4 57. Ke1 Kd3 58. Kd1 Kc3 59. Ke2 Kxb4 60. Kxe3 Kc3 61. Ke2 Kc2 62. Ke3 b4 63. Kd4 b3 0-1

[Event "Reunion op 12th"]
[Site "St Denis"]
[Date "2010.10.10"]
[Round "3"]
[White "Lecaille, Max"]
[Black "Grondin, Sebastien"]
[Result "1-0"]
[WhiteElo "1510"]
[BlackElo "1499"]
[PlyCount "41"]
[EventDate "2010.10.09"]
[EventType "swiss"]
[EventRounds "9"]
[EventCountry "RUF"]
[SourceTitle "CBM 138 Extra"]
[Source "ChessBase"]
[SourceDate "2010.10.29"]
[SourceVersion "1"]
[SourceVersionDate "2010.10.29"]
[SourceQuality "1"]

1. e4 d5 2. Nc3 d4 3. Nd5 e6 4. Nf4 e5 5. Nd3 Nc6 6. Be2 Nf6 7. Nf3 Bd6 8. c3 Nxe4 9. cxd4 exd4 10. 0-0 0-0 11. b3 Ng5 12. Re1 Re8 13. Bb2 Bg4 14. Nxd4 Bxe2 15. Rxe2 Nxd4 16. Rxe8+ Qxe8 17. Bxd4 Ne6 18. Bc3 Nc5 19. Qg4 g6 20. Qd4 Qf8 21. Qh8# 1-0